| 000 | 01772nam a2200241Ia 4500 | ||
|---|---|---|---|
| 003 | Ost | ||
| 005 | 20260507075354.0 | ||
| 008 | 260507s9999||||xx |||||||||||||| ||und|| | ||
| 020 | _a10753799779 | ||
| 040 | _cfsecg | ||
| 041 | _aara | ||
| 082 | _a330 | ||
| 100 |
_aتوفيق، محب خلة _eمؤلف |
||
| 245 | 0 |
_aالتطور واقتصاديات الموارد : _bدراسة خاصة بتطور الفكر والوقائع الإقتصادية واقتصاديات موارد عناصر الإنتاج / _c محب خلة توفيق |
|
| 260 |
_aالإسكندرية: _bدار الفكر الجامعي, _c2011 |
||
| 300 |
_a438 صفحة؛ _bإيضاحات ؛ _c24 سم |
||
| 504 | _aالمراجع ص.431 | ||
| 520 | _aتطور الفكر والوقائع الإقتصادية- الانظمة الإقتصادية في العصور القديمة والوسطى- النظم الإقتصادية في العصر الحديث- اقتصاديات الموارد الطبيعية- التعريف باقتصاديات الموارد وتقسيماتها وخصائصها- الموارد الطبيعية، المفهوم، الكفاية والانواع- الابعاد الإقتصادية للموارد الطبيعية- أهم المشكلات الإقتصادية الكلية المرتبطة بالموارد الطبيعية - اقتصاديات الموارد غير الطبيعية- اقتصاديات الموارد البشرية- أهم المشكلات الإقتصادية الكلية المرتبطة بالموارد البشرية- اقتصاديات موارد التنظيم | ||
| 653 | _aالأنظمة الإقتصادية | ||
| 653 | _aالتطور الإقتصادي | ||
| 653 | _aالفكر الإقتصادي | ||
| 942 | _cكتاب | ||
| 999 |
_c44180 _d44180 |
||